[Event "8. LGA Premium Cup 2011"]
[Site "Nürnberg"]
[Date "2011.09.08"]
[Round "1.57"]
[White "Kersten, Uwe"]
[Black "Adelhütte, Dennis"]
[Result "1-0"]
[WhiteElo "2264"]
[BlackElo "1950"]
[PlyCount "55"]
[EventDate "2011.??.??"]

1. e4 e6 2. d4 d5 3. Nd2 c5 4. c3 Nf6 5. Bd3 Nc6 6. Ngf3 cxd4 7. cxd4 Be7 8.
O-O O-O 9. e5 Nd7 10. Nb3 a5 11. a4 Nb4 12. Bb1 Nb6 13. Nc5 Nd7 14. Nd3 f5 15.
exf6 Nxf6 16. Nf4 Bd6 17. Re1 Ng4 18. g3 Qf6 19. Ra3 Bd7 20. Nh5 Qf7 21. Bxh7+
Kh8 22. Nf4 Bxf4 23. Bxf4 Qh5 24. Bb1 g5 25. Be5+ Kg8 26. h4 gxh4 27. Nh2 hxg3
28. Qxg4+ 1-0

[Event "8. LGA Premium Cup 2011"]
[Site "Nürnberg"]
[Date "2011.09.08"]
[Round "1.58"]
[White "Feldheim, Jonas"]
[Black "Seyb, Alexander"]
[Result "1/2-1/2"]
[WhiteElo "1987"]
[BlackElo "2257"]
[PlyCount "101"]
[EventDate "2011.??.??"]

1. e4 e5 2. Bc4 Nc6 3. Nf3 Bc5 4. O-O Nf6 5. d4 exd4 6. e5 d5 7. exf6 dxc4 8.
Re1+ Be6 9. Ng5 Qd5 10. Nc3 Qf5 11. Nce4 O-O-O 12. Nxe6 fxe6 13. Nxc5 Qxc5 14.
fxg7 Rhg8 15. Bh6 Qf5 16. Qe2 e5 17. g4 Qe6 18. g5 d3 19. Qh5 Nd4 20. cxd3 cxd3
21. Rad1 e4 22. Rxd3 exd3 23. Rxe6 Nxe6 24. g6 hxg6 25. Qh3 Rde8 26. Kf1 d2 27.
Ke2 Kb8 28. Kxd2 Nxg7 29. Qc3 Nf5 30. Bf4 Re7 31. a4 Rge8 32. Kc2 a6 33. Kb1
Rd7 34. Qf6 Rg7 35. a5 Rgg8 36. Qf7 Nd6 37. Bxd6 cxd6 38. f4 Rd8 39. Kc2 d5 40.
h4 d4 41. Kd3 Ka8 42. Qf6 Ka7 43. Qb6+ Kb8 44. Qf6 Ka8 45. b4 Rd7 46. Qe6 Rgg7
47. Qf6 Kb8 48. Qf8+ Kc7 49. Qc5+ Kb8 50. Qf8+ Kc7 51. Qc5+ 1/2-1/2

[Event "8. LGA Premium Cup 2011"]
[Site "Nürnberg"]
[Date "2011.09.08"]
[Round "1.59"]
[White "Heidrich, Manfred"]
[Black "Süß, Helmut"]
[Result "1/2-1/2"]
[WhiteElo "2259"]
[BlackElo "1871"]
[PlyCount "46"]
[EventDate "2011.??.??"]

1. e4 c6 2. d4 d5 3. Nd2 dxe4 4. Nxe4 Bf5 5. Ng3 Bg6 6. Nf3 Nd7 7. h4 h6 8. h5
Bh7 9. Bd3 Bxd3 10. Qxd3 e6 11. Bd2 Ngf6 12. Ne4 Nxe4 13. Qxe4 Nf6 14. Qe2 Be7
15. O-O-O Qd5 16. c4 Qe4 17. Qxe4 Nxe4 18. Be3 O-O 19. Ne5 Rfd8 20. f3 Ng3 21.
Rh3 Nf5 22. Bf2 Bg5+ 23. Kb1 Ne3 1/2-1/2

[Event "8. LGA Premium Cup 2011"]
[Site "Nürnberg"]
[Date "2011.09.08"]
[Round "1.60"]
[White "Nuber, Blasius"]
[Black "Lais, Thomas"]
[Result "1-0"]
[WhiteElo "2285"]
[BlackElo "1929"]
[PlyCount "121"]
[EventDate "2011.??.??"]

1. e4 c5 2. d3 Nc6 3. Be3 d6 4. Nc3 g6 5. d4 cxd4 6. Bxd4 Nxd4 7. Qxd4 Nf6 8.
e5 dxe5 9. Bb5+ Bd7 10. Qxe5 Bc6 11. Rd1 Qb6 12. Nd5 Nxd5 13. Bxc6+ bxc6 14.
Qxh8 Qb4+ 15. Rd2 Nf6 16. Ne2 Ne4 17. c3 Qb6 18. Rd4 Qxb2 19. Qe5 Nxc3 20. Nxc3
Qxc3+ 21. Ke2 Qb2+ 22. Kf3 Qa3+ 23. Qe3 Qxa2 24. Rhd1 Bg7 25. Qe4 Qb3+ 26. R1d3
Qb5 27. Rb4 Qf5+ 28. Qxf5 gxf5 29. Ra4 c5 30. Rda3 Bd4 31. Rxa7 Rxa7 32. Rxa7
e5 33. Rc7 Kf8 34. h4 h5 35. Ke2 Kg7 36. f3 Kg6 37. Rc8 Kg7 38. Kd3 Kg6 39.
Rg8+ Kh6 40. Rg5 f4 41. Kc4 f6 42. Rg8 Kh7 43. Rc8 Be3 44. Kd5 Kg7 45. Ke6 Bf2
46. Kf5 Bxh4 47. Rxc5 Bg5 48. Rc7+ Kh6 49. Rc1 Kg7 50. Rh1 Kh6 51. Rh3 h4 52.
Rh1 Kg7 53. Rb1 Kf7 54. Rb7+ Ke8 55. Ke6 Kd8 56. Rg7 Kc8 57. Kd6 Kb8 58. Kc6
Bh6 59. Rb7+ Ka8 60. Rh7 Bg5 61. Kb6 1-0

[Event "8. LGA Premium Cup 2011"]
[Site "Nürnberg"]
[Date "2011.09.08"]
[Round "1.62"]
[White "Ortpaul, Mario"]
[Black "Wagner, Dennis"]
[Result "0-1"]
[WhiteElo "1914"]
[BlackElo "2302"]
[PlyCount "74"]
[EventDate "2011.??.??"]

1. c3 Nf6 2. d4 d5 3. Bf4 c5 4. e3 Nc6 5. Nf3 Qb6 6. Qb3 c4 7. Qxb6 axb6 8.
Nbd2 b5 9. Ne5 b4 10. e4 e6 11. Be2 bxc3 12. bxc3 Nxe5 13. dxe5 Nxe4 14. Nxe4
dxe4 15. Bxc4 Bd7 16. Bb3 Rc8 17. c4 Bb4+ 18. Ke2 b5 19. Rac1 Ba3 20. Rc3 Ke7
21. Rd1 Rhd8 22. Rg3 Kf8 23. Bg5 Be7 24. Bxe7+ Kxe7 25. Rxg7 bxc4 26. Bc2 c3
27. Ke3 Bb5 28. Rd6 Bd3 29. Bb3 c2 30. Bxc2 Bxc2 31. Rxh7 Rg8 32. Ra6 Rc3+ 33.
Kf4 Rc7 34. g4 e3 35. Rh3 e2 36. Re3 Bd1 37. h4 Rxg4+ 0-1

[Event "8. LGA Premium Cup 2011"]
[Site "Nürnberg"]
[Date "2011.09.08"]
[Round "1.63"]
[White "Afek, Yochanan"]
[Black "Renner, Gabriele"]
[Result "1-0"]
[WhiteElo "2295"]
[BlackElo "1838"]
[PlyCount "45"]
[EventDate "2011.??.??"]

1. c4 c6 2. e4 d5 3. exd5 cxd5 4. d4 Nf6 5. Nc3 e6 6. Nf3 Be7 7. Bd3 Nc6 8. c5
O-O 9. Rb1 Nb4 10. Be2 Ne4 11. O-O Nxc3 12. bxc3 Nc6 13. Bf4 f6 14. Bg3 Kh8 15.
Bd3 e5 16. dxe5 Bg4 17. exf6 Rxf6 18. Be2 Rf8 19. Rxb7 Rc8 20. Nd4 Bxe2 21.
Qxe2 Re8 22. Nxc6 Rxc6 23. Re1 1-0

[Event "8. LGA Premium Cup 2011"]
[Site "Nürnberg"]
[Date "2011.09.08"]
[Round "1.64"]
[White "Schlötterer, Hermann"]
[Black "Heimrath, Reiner"]
[Result "0-1"]
[WhiteElo "1806"]
[BlackElo "2189"]
[PlyCount "78"]
[EventDate "2011.??.??"]

1. d4 g6 2. e4 Bg7 3. Nc3 a6 4. a4 d6 5. Nge2 Nd7 6. Be3 e6 7. g4 h5 8. g5 Rb8
9. a5 b5 10. axb6 cxb6 11. Bg2 Ne7 12. O-O b5 13. b3 Bb7 14. Qd2 Rc8 15. Rac1
Rc7 16. h4 Qa8 17. Ng3 O-O 18. Nce2 Rfc8 19. c3 Nf5 20. Nxf5 exf5 21. Bf4 Bf8
22. Ng3 fxe4 23. Qe3 Re8 24. Rfe1 Rcc8 25. Bh3 Rcd8 26. Qe2 d5 27. Bc7 Bg7 28.
Bxd8 Qxd8 29. f4 b4 30. f5 bxc3 31. f6 Nxf6 32. Nf5 gxf5 33. gxf6 Qxf6 34. Kh1
Qxh4 35. Rxc3 Bxd4 36. Qg2+ Kh8 37. Qd2 e3 38. Rcxe3 Rxe3 39. Rxe3 Bxe3 0-1

[Event "8. LGA Premium Cup 2011"]
[Site "Nürnberg"]
[Date "2011.09.08"]
[Round "1.65"]
[White "Millikan, Erlend"]
[Black "Pokrupa, Marek"]
[Result "1/2-1/2"]
[WhiteElo "1741"]
[BlackElo "2141"]
[PlyCount "69"]
[EventDate "2011.??.??"]

1. d4 d5 2. Nf3 Nc6 3. e3 Bg4 4. Be2 Nf6 5. Nbd2 e6 6. a3 Bd6 7. c4 O-O 8. c5
Be7 9. b4 a6 10. Qc2 Bf5 11. Bd3 Bxd3 12. Qxd3 Nd7 13. Bb2 Re8 14. O-O Bf8 15.
Rfd1 g6 16. Ne5 Bg7 17. Nxd7 Qxd7 18. Nf3 b5 19. Ne5 Nxe5 20. dxe5 Qc6 21. f4
a5 22. Bc3 Reb8 23. Bd4 Qb7 24. Bc3 Bf8 25. Qd4 Qc6 26. Rab1 Ra6 27. Bd2 axb4
28. Bxb4 Ra4 29. Rd3 Rba8 30. Rb2 R8a6 31. Rc2 Ra8 32. g4 Kh8 33. g5 Kg7 34. h4
Qe8 35. Rh2 1/2-1/2

[Event "8. LGA Premium Cup 2011"]
[Site "Nürnberg"]
[Date "2011.09.08"]
[Round "1.66"]
[White "Nuber, Korbinian"]
[Black "Mehringer, Jörg"]
[Result "1-0"]
[WhiteElo "2297"]
[BlackElo "1908"]
[PlyCount "91"]
[EventDate "2011.??.??"]

1. e4 e5 2. Nf3 Nc6 3. Bb5 f5 4. exf5 e4 5. Qe2 Qe7 6. Bxc6 bxc6 7. Nd4 Nf6 8.
Nc3 c5 9. Nb3 d5 10. Qb5+ Qd7 11. Nxc5 Qxb5 12. Nxb5 Bxc5 13. Nxc7+ Kf7 14.
Nxa8 Bd6 15. O-O Bxf5 16. f3 Bg6 17. fxe4 dxe4 18. b3 Rxa8 19. Bb2 Rd8 20. Bc3
Kg8 21. Kh1 Bc5 22. b4 Be7 23. a3 Nd5 24. Bd4 Nb6 25. c3 Nc4 26. Bxa7 Rxd2 27.
Rf2 Rxf2 28. Bxf2 e3 29. Be1 Bf6 30. a4 Nd2 31. b5 Bxc3 32. Rc1 Ba5 33. Rc8+
Kf7 34. Ra8 Bb6 35. a5 Be4 36. Ra6 Bc5 37. b6 Nf3 38. Ra7+ Kg6 39. Bc3 Bd4 40.
Re7 Bxc3 41. Rxe4 Ng5 42. Rxe3 Bxa5 43. b7 Bc7 44. Re8 h6 45. h4 Nf7 46. Re6+
1-0

[Event "8. LGA Premium Cup 2011"]
[Site "Nürnberg"]
[Date "2011.09.08"]
[Round "1.67"]
[White "Weißbeck, Wolf-Dieter"]
[Black "Meier, Volker"]
[Result "1/2-1/2"]
[WhiteElo "1705"]
[BlackElo "2242"]
[PlyCount "61"]
[EventDate "2011.??.??"]

1. d4 Nf6 2. Nf3 g6 3. g3 Bg7 4. Bg2 O-O 5. O-O d6 6. Re1 Nbd7 7. e4 e5 8. dxe5
dxe5 9. Bg5 h6 10. Bxf6 Qxf6 11. Nbd2 Qe7 12. Nc4 Nc5 13. c3 a5 14. Qc2 b6 15.
Ne3 c6 16. Nd2 b5 17. Nb3 a4 18. Nxc5 Qxc5 19. b4 axb3 20. axb3 Be6 21. Bf1
Rxa1 22. Rxa1 f5 23. Bh3 Bc8 24. b4 Qe7 25. exf5 e4 26. Ra8 Qb7 27. Qa2+ Kh8
28. Ra7 Qb8 29. Ra8 Qb7 30. Ra7 Qb8 31. Ra8 1/2-1/2

[Event "8. LGA Premium Cup 2011"]
[Site "Nürnberg"]
[Date "2011.09.08"]
[Round "1.68"]
[White "Siedentopf, Daniel"]
[Black "Madlo-Thiess, Franziska"]
[Result "1-0"]
[WhiteElo "2237"]
[BlackElo "1838"]
[PlyCount "43"]
[EventDate "2011.??.??"]

1. d4 Nf6 2. c4 c5 3. d5 e6 4. Nc3 exd5 5. cxd5 d6 6. e4 g6 7. Bd3 Bg7 8. h3
O-O 9. Nf3 Na6 10. O-O Nc7 11. Bf4 a6 12. a4 Rb8 13. Qb3 Re8 14. Qb6 Bf8 15.
Bg5 Bg7 16. a5 Na8 17. Qxd8 Rxd8 18. e5 dxe5 19. Ne4 Rxd5 20. Nxf6+ Bxf6 21.
Bxf6 Rxd3 22. Bxe5 1-0

 Bxe5 1-0

[Event "8. LGA Premium Cup 2011"]
[Site "Nürnberg"]
[Date "2011.09.08"]
[Round "1.69"]
[White "Thürauf, Peter"]
[Black "Safyanowsky, Mark"]
[Result "0-1"]
[WhiteElo "1854"]
[BlackElo "2186"]
[PlyCount "102"]
[EventDate "2011.??.??"]

1. d4 d6 2. c4 e5 3. dxe5 dxe5 4. Qxd8+ Kxd8 5. Nf3 f6 6. Nc3 Be6 7. e3 Nd7 8.
Be2 Nh6 9. O-O Nf7 10. Rd1 Kc8 11. Bd2 a5 12. Be1 c6 13. Rac1 Nc5 14. Nd2 a4
15. Nde4 Nxe4 16. Nxe4 Be7 17. Nc3 Kb8 18. Kf1 Rd8 19. Rxd8+ Bxd8 20. Ne4 Be7
21. Bc3 Kc7 22. Ke1 f5 23. Nd2 e4 24. f3 Bc5 25. fxe4 Bxe3 26. exf5 Bxf5 27.
Rd1 Re8 28. Kf1 Ne5 29. Nf3 Nxf3 30. gxf3 Bh3+ 31. Ke1 g6 32. Bd2 Bc5 33. Bf4+
Kb6 34. Rd3 Bf5 35. Rd1 Be3 36. Bxe3+ Rxe3 37. Kf2 Re7 38. Rd4 Kc5 39. Rh4 Rd7
40. Ke3 h5 41. Rf4 b6 42. Rh4 a3 43. bxa3 Ra7 44. Bd1 Rxa3+ 45. Bb3 Ra7 46. Kf4
Rd7 47. Ke3 Rd3+ 48. Ke2 Rd4 49. Rxd4 Kxd4 50. Kd2 c5 51. a3 g5 0-1

[Event "8. LGA Premium Cup 2011"]
[Site "Nürnberg"]
[Date "2011.09.08"]
[Round "1.70"]
[White "Schöneberg, Manfred"]
[Black "Felser, Martin"]
[Result "1/2-1/2"]
[WhiteElo "2230"]
[BlackElo "1751"]
[PlyCount "36"]
[EventDate "2011.??.??"]

1. e4 c5 2. Nf3 d6 3. d4 cxd4 4. Qxd4 Nc6 5. Bb5 Bd7 6. Bxc6 bxc6 7. c4 c5 8.
Qd3 g6 9. Nc3 Bg7 10. O-O Nf6 11. Bg5 O-O 12. Rfe1 Be6 13. b3 Nd7 14. Rac1 Re8
15. h3 a6 16. Qd2 Ne5 17. Nxe5 Bxe5 18. Be3 Bg7 1/2-1/2

[Event "8. LGA Premium Cup 2011"]
[Site "Nürnberg"]
[Date "2011.09.08"]
[Round "1.71"]
[White "Braun, Michael"]
[Black "Lorscheid, Gerhard"]
[Result "1/2-1/2"]
[WhiteElo "1871"]
[BlackElo "2261"]
[PlyCount "119"]
[EventDate "2011.??.??"]

1. d4 d6 2. c4 g6 3. g3 Bg7 4. Bg2 c6 5. Nf3 Nf6 6. O-O O-O 7. Nc3 Qb6 8. Qb3
Qa6 9. e4 Be6 10. d5 Bg4 11. Re1 Nfd7 12. Be3 Rc8 13. Nd2 Nc5 14. Qc2 cxd5 15.
Nxd5 Nc6 16. b4 e6 17. b5 Qa5 18. bxc6 exd5 19. Bxc5 Rxc6 20. Nb3 Qa4 21. Rac1
dxc4 22. Qxc4 Qxc4 23. Rxc4 Be6 24. Rcc1 Bxb3 25. axb3 dxc5 26. e5 Rc7 27. f4
Rd8 28. Red1 Rxd1+ 29. Rxd1 b5 30. Kf2 Bf8 31. Bf1 c4 32. bxc4 bxc4 33. Bg2 Ba3
34. Be4 Bb2 35. Ke2 a5 36. Bc2 Ra7 37. Ba4 Rb7 38. Rd5 Bc3 39. Kd1 Bb4 40. g4
Kg7 41. f5 gxf5 42. gxf5 Kh6 43. Rd4 Rc7 44. e6 fxe6 45. fxe6 Re7 46. Rxc4 Rxe6
47. Rc6 Bd6 48. Ra6 Rf6 49. Ke2 Kg7 50. Rxa5 Bxh2 51. Bc2 h6 52. Ra7+ Kf8 53.
Ra8+ Ke7 54. Ra7+ Ke6 55. Ra6+ Bd6 56. Ra5 Rf4 57. Ke3 Rf8 58. Bd3 Be7 59. Bf5+
Rxf5 60. Rxf5 1/2-1/2

[Event "8. LGA Premium Cup 2011"]
[Site "Nürnberg"]
[Date "2011.09.08"]
[Round "1.72"]
[White "Löw, Gerald"]
[Black "Neumann, Robert"]
[Result "1-0"]
[WhiteElo "2215"]
[BlackElo "1810"]
[PlyCount "73"]
[EventDate "2011.??.??"]

1. c4 Nf6 2. g3 c5 3. Bg2 d5 4. cxd5 Nxd5 5. Nc3 e6 6. Nxd5 exd5 7. Qb3 Be6 8.
Qxb7 Nd7 9. Nh3 Be7 10. Nf4 Nb6 11. Nxe6 fxe6 12. d3 O-O 13. Bf4 Bd6 14. Qc6
Bxf4 15. Qxe6+ Kh8 16. gxf4 Rxf4 17. O-O Qg5 18. Kh1 Raf8 19. Bf3 R4f6 20. Qe7
d4 21. Rg1 Qh6 22. Rg3 R6f7 23. Qxc5 Qf6 24. Rag1 Rc8 25. Qg5 Qxg5 26. Rxg5 Rc2
27. Rb5 g6 28. Rg4 Na4 29. Rxd4 Nxb2 30. Kg2 Nd1 31. Ra5 Nc3 32. Rc4 Rxa2 33.
Rxa2 Nxa2 34. Rc8+ Kg7 35. Bd5 Re7 36. Bxa2 Rxe2 37. Rc7+ 1-0

[Event "8. LGA Premium Cup 2011"]
[Site "Nürnberg"]
[Date "2011.09.08"]
[Round "1.73"]
[White "Bartsch, Berthold"]
[Black "Dippel, Jörg"]
[Result "1-0"]
[WhiteElo "2213"]
[BlackElo "1860"]
[PlyCount "61"]
[EventDate "2011.??.??"]

1. e4 e6 2. Nc3 d5 3. g3 Nf6 4. Bg2 c6 5. d3 Be7 6. Qe2 dxe4 7. dxe4 e5 8. Nf3
Qc7 9. O-O O-O 10. b3 Re8 11. Bb2 Bf8 12. h3 Nfd7 13. Nd1 g6 14. Ne3 Bg7 15.
Rad1 Nf8 16. Nc4 f6 17. Nd6 Re7 18. Nxc8 Qxc8 19. h4 Na6 20. Kh2 Qe8 21. Bh3
Ne6 22. Rd6 Rd8 23. Rxd8 Qxd8 24. Rd1 Qe8 25. Rd6 Nac7 26. Qc4 c5 27. a4 h6 28.
a5 Kf7 29. Ba3 Na6 30. Qd5 Qc8 31. Bxe6+ 1-0

[Event "8. LGA Premium Cup 2011"]
[Site "Nürnberg"]
[Date "2011.09.08"]
[Round "1.74"]
[White "Perner, Wolfgang"]
[Black "Wagner, Florian"]
[Result "0-1"]
[WhiteElo "1794"]
[BlackElo "2240"]
[PlyCount "56"]
[EventDate "2011.??.??"]

1. e4 c5 2. Nc3 Nc6 3. g3 g6 4. Bg2 Bg7 5. d3 d6 6. Nge2 Rb8 7. O-O b5 8. Be3
b4 9. Na4 Qa5 10. c3 bxc3 11. bxc3 Ba6 12. Qc2 Bxd3 13. Qxd3 Qxa4 14. f4 Nf6
15. e5 dxe5 16. Bxc5 e4 17. Qe3 O-O 18. Nd4 Nd5 19. Qxe4 Nxc3 20. Qxc6 Bxd4+
21. Bxd4 Qxd4+ 22. Kh1 e6 23. Rac1 Rfc8 24. Qa6 Rc4 25. Rfe1 Rb2 26. Rxe6 Qf2
27. Re8+ Kg7 28. Rg1 Ne2 0-1

[Event "8. LGA Premium Cup 2011"]
[Site "Nürnberg"]
[Date "2011.09.08"]
[Round "1.75"]
[White "Kunz, Konstantin"]
[Black "Holzmayr, Norbert"]
[Result "1-0"]
[WhiteElo "2107"]
[BlackElo "1840"]
[PlyCount "39"]
[EventDate "2011.??.??"]

1. d4 c5 2. e3 d5 3. Nf3 Bf5 4. c4 Nf6 5. Nc3 cxd4 6. Nxd4 Bg6 7. cxd5 a6 8.
Qa4+ Nbd7 9. Ne6 b5 10. Nxd8 bxa4 11. Nc6 Ne4 12. Nxa4 e6 13. f3 Nef6 14. dxe6
fxe6 15. Bd2 Kf7 16. e4 Bd6 17. Be2 Rhc8 18. Rc1 Kg8 19. e5 Bxe5 20. Ne7+ 1-0

[Event "8. LGA Premium Cup 2011"]
[Site "Nürnberg"]
[Date "2011.09.08"]
[Round "1.76"]
[White "Meulner, Fabian"]
[Black "Schuster, Karsten"]
[Result "0-1"]
[WhiteElo "1712"]
[BlackElo "2197"]
[PlyCount "80"]
[EventDate "2011.??.??"]

1. d4 Nf6 2. Bg5 e6 3. e3 b6 4. Nd2 Bb7 5. Ngf3 Be7 6. Bd3 h6 7. Bxf6 Bxf6 8.
Qe2 c5 9. c3 Nc6 10. h4 d5 11. g4 Qc7 12. Rg1 g5 13. h5 O-O-O 14. Ba6 Rhe8 15.
Bxb7+ Kxb7 16. dxc5 bxc5 17. Nb3 Qb6 18. Kf1 a5 19. Kg2 a4 20. Nbd2 Qa6 21.
Qxa6+ Kxa6 22. Rgd1 Rb8 23. Rab1 Ne5 24. Nxe5 Bxe5 25. Nf3 Bf6 26. e4 Red8 27.
e5 Bg7 28. b4 cxb4 29. cxb4 Rdc8 30. b5+ Rxb5 31. Rxb5 Kxb5 32. Rb1+ Ka6 33.
Rb4 Rc4 34. Rb8 Rxg4+ 35. Kh3 Re4 36. Rg8 Bxe5 37. Nxe5 Rxe5 38. Rh8 d4 39.
Rxh6 d3 40. Rf6 d2 0-1

[Event "8. LGA Premium Cup 2011"]
[Site "Nürnberg"]
[Date "2011.09.08"]
[Round "1.77"]
[White "Hirschberg, Valerian"]
[Black "Beesk, Kevin"]
[Result "1-0"]
[WhiteElo "2236"]
[BlackElo "1673"]
[PlyCount "95"]
[EventDate "2011.??.??"]

1. Nf3 Nf6 2. c4 c5 3. g3 g6 4. Bg2 Bg7 5. Nc3 O-O 6. O-O d6 7. d4 cxd4 8. Nxd4
a6 9. e4 Qc7 10. Nd5 Nxd5 11. cxd5 Nd7 12. Be3 Nf6 13. h3 Bd7 14. Qd2 Rac8 15.
Kh2 Ne8 16. Rac1 Qb8 17. Rxc8 Qxc8 18. Rc1 Qb8 19. Qb4 Nf6 20. Nb3 Rc8 21. Qb6
Rxc1 22. Bxc1 Bb5 23. f4 Nd7 24. Qf2 Qc8 25. Be3 Qc4 26. Nc1 Nf6 27. b3 Qc7 28.
Qd2 Nd7 29. a4 Qc3 30. Qxc3 Bxc3 31. axb5 axb5 32. Bf1 b4 33. Na2 Be1 34. Kg2
b6 35. Nc1 Bc3 36. Bb5 Nc5 37. Bxc5 bxc5 38. Nd3 f6 39. Kf3 Kf7 40. e5 fxe5 41.
fxe5 g5 42. Ke4 h6 43. Kf5 Bd4 44. g4 Bc3 45. e6+ Kg7 46. Nxc5 dxc5 47. d6 exd6
48. e7 1-0

[Event "8. LGA Premium Cup 2011"]
[Site "Nürnberg"]
[Date "2011.09.08"]
[Round "1.78"]
[White "Walter, Manfred"]
[Black "Kordts, Wolfgang"]
[Result "0-1"]
[WhiteElo "1721"]
[BlackElo "2152"]
[PlyCount "54"]
[EventDate "2011.??.??"]

1. c4 g6 2. g3 Bg7 3. Bg2 e5 4. Nc3 Nc6 5. d3 f5 6. e3 Nf6 7. Nge2 O-O 8. O-O
d6 9. Rb1 Kh8 10. b4 Ne7 11. b5 Nh5 12. Bb2 f4 13. exf4 exf4 14. Be4 c6 15.
bxc6 bxc6 16. Qd2 f3 17. Nf4 Nxf4 18. gxf4 Bg4 19. Nd1 d5 20. cxd5 cxd5 21.
Bxg7+ Kxg7 22. Ne3 h5 23. Nxd5 Nxd5 24. Rb5 Nxf4 25. Qb2+ Kh6 26. Rb1 Rc8 27.
Qe5 Qf6 0-1

[Event "8. LGA Premium Cup 2011"]
[Site "Nürnberg"]
[Date "2011.09.08"]
[Round "1.79"]
[White "Promyshlyanskyy, Vitaliy"]
[Black "Babichev, Vyacheslav"]
[Result "1-0"]
[WhiteElo "2182"]
[BlackElo "1732"]
[PlyCount "77"]
[EventDate "2011.??.??"]

1. e4 d6 2. Nc3 Nf6 3. d4 g6 4. f3 Bg7 5. Be3 O-O 6. Qd2 c6 7. Bh6 a6 8. h4 e5
9. Nge2 Bxh6 10. Qxh6 Kh8 11. O-O-O Ng8 12. Qe3 Nd7 13. f4 exf4 14. Nxf4 Ndf6
15. Be2 Ng4 16. Qg3 N4h6 17. Nh3 Qe7 18. h5 d5 19. hxg6 fxg6 20. exd5 cxd5 21.
Bf3 Qe3+ 22. Kb1 Nf5 23. Qc7 Qe7 24. Nxd5 Qxc7 25. Nxc7 Rb8 26. Nf4 Rf6 27.
Ncd5 Rd6 28. c4 Nf6 29. Nxg6+ Kg7 30. Ngf4 Nxd5 31. Nxd5 Be6 32. Rhe1 Bf7 33.
Re5 Bg6 34. Be4 Rf8 35. Bxf5 Bxf5+ 36. Ka1 Bg6 37. Re7+ Rf7 38. Rxf7+ Bxf7 39.
Ne3 1-0

[Event "8. LGA Premium Cup 2011"]
[Site "Nürnberg"]
[Date "2011.09.08"]
[Round "1.80"]
[White "Schweisgut, Jens"]
[Black "Hess, Christian"]
[Result "0-1"]
[WhiteElo "1662"]
[BlackElo "2179"]
[PlyCount "62"]
[EventDate "2011.??.??"]

1. e4 c6 2. d4 d5 3. Nc3 dxe4 4. Nxe4 Bf5 5. Ng3 Bg6 6. h4 h6 7. Nf3 Nd7 8. Bd3
Bxd3 9. Qxd3 e6 10. Bf4 Qa5+ 11. c3 Ngf6 12. b4 Qa3 13. Bc1 Qa4 14. O-O a5 15.
bxa5 Qxa5 16. Bd2 Bd6 17. Ne4 Nxe4 18. Qxe4 Nf6 19. Qc2 Qa4 20. Qb3 O-O 21.
Rfb1 b5 22. g3 Nd5 23. Rc1 Nb6 24. Ne5 Bxe5 25. dxe5 Rfd8 26. Qxa4 Rxa4 27. Be1
Rda8 28. Rc2 Nd5 29. f4 Rc4 30. Bd2 h5 31. Kf2 Nb4 0-1

[Event "8. LGA Premium Cup 2011"]
[Site "Nürnberg"]
[Date "2011.09.08"]
[Round "1.81"]
[White "Kesik, Klaus-Dieter"]
[Black "Siegl, Adrian"]
[Result "1-0"]
[WhiteElo "2201"]
[BlackElo "1558"]
[PlyCount "77"]
[EventDate "2011.??.??"]

1. d4 d5 2. c4 e6 3. g3 Nf6 4. Bg2 Be7 5. Nf3 O-O 6. O-O b6 7. Ne5 Bb7 8. Nc3
Nbd7 9. b3 c5 10. e3 Bd6 11. f4 a6 12. Bb2 Qc7 13. Rc1 Rab8 14. Nxd7 Qxd7 15.
Na4 Bc6 16. dxc5 bxc5 17. Bxf6 gxf6 18. cxd5 Bxa4 19. bxa4 Rfd8 20. e4 Rb4 21.
Qh5 Rxa4 22. e5 fxe5 23. fxe5 Bf8 24. d6 Bg7 25. Rf2 Rc8 26. Rcf1 Rf8 27. Qg5
Rb4 28. Qe7 Qb5 29. Rxf7 Rxf7 30. Qxf7+ Kh8 31. d7 Qb8 32. Qe8+ Bf8 33. Rxf8+
Kg7 34. Qf7+ Kh6 35. Qf6+ Kh5 36. Bf3+ Rg4 37. Qh4+ Kg6 38. Qxg4+ Kh6 39. Rf6#
1-0

[Event "8. LGA Premium Cup 2011"]
[Site "Nürnberg"]
[Date "2011.09.08"]
[Round "1.82"]
[White "Pfadenhauer, Tobias"]
[Black "Reis, Gerhard"]
[Result "0-1"]
[WhiteElo "1749"]
[BlackElo "2169"]
[PlyCount "87"]
[EventDate "2011.??.??"]

1. d4 Nf6 2. Nf3 g6 3. e3 Bg7 4. Be2 O-O 5. b3 d6 6. Bb2 Nc6 7. O-O e5 8. c4
exd4 9. exd4 Re8 10. Nc3 d5 11. Re1 Bg4 12. Ne5 Nxe5 13. dxe5 Rxe5 14. Nxd5
Bxe2 15. Rxe2 Rxe2 16. Qxe2 Nxd5 17. Bxg7 Kxg7 18. cxd5 Qxd5 19. Rd1 Re8 20.
Qc2 Qe4 21. Qd2 Qe2 22. Qc3+ Qe5 23. Qd2 Re6 24. h3 Rd6 25. Qc2 Rc6 26. Qd2 Qc3
27. Qxc3+ Rxc3 28. Rd7 Rc1+ 29. Kh2 Rc2 30. Kg3 Kf6 31. Kf3 Ke6 32. Rd8 Rxa2
33. Rb8 b6 34. Rd8 Rc2 35. Rd3 a5 36. Ke3 f5 37. h4 h6 38. g3 g5 39. hxg5 hxg5
40. Kf3 g4+ 41. Ke3 Ke5 42. f4+ Ke6 43. Kd4 c5+ 44. Ke3 0-1

[Event "8. LGA Premium Cup 2011"]
[Site "Nürnberg"]
[Date "2011.09.08"]
[Round "1.83"]
[White "Göbel, Constantin"]
[Black "Hirschberg, Leander"]
[Result "1-0"]
[WhiteElo "2224"]
[BlackElo "1745"]
[PlyCount "63"]
[EventDate "2011.??.??"]

1. e4 c5 2. Nf3 Nc6 3. d4 cxd4 4. Nxd4 e5 5. Nb5 d6 6. N1c3 Nf6 7. Nd5 Nxd5 8.
exd5 Nb8 9. c4 Nd7 10. Be2 Be7 11. O-O O-O 12. Kh1 f5 13. f4 e4 14. Be3 a6 15.
Nd4 Nf6 16. Rc1 Bd7 17. Qb3 Qc7 18. c5 Kh8 19. c6 bxc6 20. Nxc6 Bxc6 21. Rxc6
Qa5 22. Rd1 Qd8 23. Rxa6 Rb8 24. Qc2 Rb7 25. h3 Qb8 26. b3 Rc8 27. Rc6 Rbc7 28.
Ba6 Rxc6 29. dxc6 Rc7 30. b4 Nd7 31. Qa4 Nb6 32. Qb5 1-0

[Event "8. LGA Premium Cup 2011"]
[Site "Nürnberg"]
[Date "2011.09.08"]
[Round "1.84"]
[White "Fuchs, Judith"]
[Black "Reichel, Günther"]
[Result "1-0"]
[WhiteElo "2189"]
[BlackElo "1534"]
[PlyCount "49"]
[EventDate "2011.??.??"]

1. e4 c5 2. Nf3 d6 3. d4 cxd4 4. Nxd4 Nf6 5. Nc3 g6 6. Be3 Bg7 7. f3 O-O 8. Qd2
Re8 9. Bc4 Nc6 10. O-O-O Bd7 11. Kb1 Rc8 12. Bb3 Na5 13. g4 Nxb3 14. Nxb3 a5
15. g5 Nh5 16. Nd5 Rc6 17. Qxa5 Qc8 18. Nb6 Qc7 19. Nxd7 Qxd7 20. Bd4 Rec8 21.
Bxg7 Kxg7 22. c3 Ra6 23. Qd5 Qa4 24. Qxb7 Qxa2+ 25. Kc2 1-0

[Event "8. LGA Premium Cup 2011"]
[Site "Nürnberg"]
[Date "2011.09.08"]
[Round "1.85"]
[White "Münzenberg, Dietrich"]
[Black "Seibold, Hubert"]
[Result "1/2-1/2"]
[WhiteElo "1598"]
[BlackElo "2146"]
[PlyCount "115"]
[EventDate "2011.??.??"]

1. d4 Nf6 2. Bg5 d5 3. Bxf6 exf6 4. g3 c6 5. Bg2 Bd6 6. e3 O-O 7. Ne2 f5 8. O-O
Nd7 9. Nd2 Nf6 10. c4 Be6 11. Qc2 Ne4 12. cxd5 cxd5 13. Rfc1 h5 14. Nf3 g5 15.
h4 f6 16. Qd1 Rf7 17. hxg5 fxg5 18. Ne5 Rh7 19. f3 Nf6 20. Kf2 Qb8 21. Qd3 Bxe5
22. dxe5 Qxe5 23. Qd4 Qxd4 24. Nxd4 Bd7 25. Rc7 Rb8 26. Rh1 Kf8 27. Bf1 Ke7 28.
Bd3 Kd6 29. Rhc1 Ne8 30. R7c3 Ke5 31. f4+ Kf6 32. Rc5 gxf4 33. exf4 Be6 34.
Nxe6 Kxe6 35. Re1+ Kd6 36. Rc3 Rf7 37. Re5 Ng7 38. Bc2 h4 39. gxh4 Nh5 40. Kf3
Rg8 41. Rxf5 Rg3+ 42. Kf2 Rxc3 43. bxc3 Rxf5 44. Bxf5 Nxf4 45. Kf3 Ke5 46. Bc8
b6 47. Kg4 Ne2 48. Kg5 Nxc3 49. h5 Ne4+ 50. Kg6 b5 51. h6 Nf6 52. Ba6 b4 53.
Bb7 d4 54. Ba6 Nd7 55. Kg7 Nf6 56. Kf7 Kf5 57. Bd3+ Kg5 58. Ke6 1/2-1/2

[Event "8. LGA Premium Cup 2011"]
[Site "Nürnberg"]
[Date "2011.09.08"]
[Round "1.86"]
[White "Nabavi, Parwis"]
[Black "Heinz, Friedrich"]
[Result "1-0"]
[WhiteElo "2214"]
[BlackElo "1722"]
[PlyCount "83"]
[EventDate "2011.??.??"]

1. d4 g6 2. e4 d6 3. Nf3 Bg7 4. Be2 Nf6 5. Nc3 O-O 6. O-O Nc6 7. Be3 e6 8. h3
a6 9. a4 b6 10. Nd2 Bb7 11. f4 Nd7 12. Nb3 Nb4 13. Qd2 a5 14. Rae1 Rc8 15. Kh1
Nf6 16. Bf3 Qe7 17. Bf2 Ba6 18. Rg1 Qd7 19. Rd1 Rfd8 20. Rge1 c6 21. Bh4 Rf8
22. e5 Nfd5 23. Ne4 dxe5 24. fxe5 f5 25. Nd6 f4 26. Bxd5 Nxd5 27. Nxc8 Qxc8 28.
Nc1 Ne3 29. Rxe3 fxe3 30. Qxe3 Qd7 31. Nd3 Rf5 32. Nf2 Qf7 33. Ne4 Qd7 34. Bf6
Qd5 35. Bxg7 Kxg7 36. Nf6 Qd8 37. Kg1 g5 38. Kh2 Kh8 39. Rd2 Qe7 40. Qb3 Qb4
41. Qxe6 Rxf6 42. Qxf6+ 1-0